It's time to have your say on accreditation (Record no. 117876)
[ view plain ]
| 000 -LEADER | |
|---|---|
| fixed length control field | 01614cam a2200253 4500 |
| 001 - CONTROL NUMBER | |
| control field | ABS68101 |
| 008 - FIXED-LENGTH DATA ELEMENTS--GENERAL INFORMATION | |
| fixed length control field | 040820n2004 000 0 eng u |
| 035 ## - SYSTEM CONTROL NUMBER | |
| System control number | (Sirsi) u127122 |
| 100 ## - MAIN ENTRY--PERSONAL NAME | |
| Personal name | Eydmann, S. |
| 245 ## - TITLE STATEMENT | |
| Title | It's time to have your say on accreditation |
| 260 ## - PUBLICATION, DISTRIBUTION, ETC. | |
| Date of publication, distribution, etc. | 2004 |
| 490 ## - SERIES STATEMENT | |
| Series statement | Context |
| Volume/sequential designation | (85) July 2004, 29-32(4) |
| 520 ## - SUMMARY, ETC. | |
| Summary, etc. | Looks at Institute of Historic Building Conservation (IHBC) decision to seek its members views on how it should respond to plans for accreditation in conservation. Discusses problems with the accreditation plans such as: the relatively low take-up by candidates; lack of commonality across the schemes; criticism from non-accredited professionals that the schemes create a closed shop; and the rejection by some long standing professionals to having to prove their conservation credentials. Examines issues including: the accreditation framework document; assessment methodology; the role of assessors; the structure of CPD; the future of the Edinburgh Group (a discussion group formed to examine the impact of accreditation); implications for IHBC and its members; and the draft IHBC scheme. Table outlines the questions the IHBC will ask its members. More information can be found at www.ihbc.org.uk. |
| 590 ## - LOCAL NOTE (RLIN) | |
| Local note | ABS |
| 590 ## - LOCAL NOTE (RLIN) | |
| Local note | ABS |
| 650 ## - SUBJECT ADDED ENTRY--TOPICAL TERM | |
| Topical term or geographic name entry element | ACCREDITATION SCHEMES |
| 650 ## - SUBJECT ADDED ENTRY--TOPICAL TERM | |
| Topical term or geographic name entry element | HISTORIC BUILDINGS |
| 650 ## - SUBJECT ADDED ENTRY--TOPICAL TERM | |
| Topical term or geographic name entry element | ARCHITECTURAL CONSERVATION |
| 690 ## - LOCAL SUBJECT ADDED ENTRY--TOPICAL TERM (OCLC, RLIN) | |
| Topical term or geographic name as entry element | BUILDING CONSERVATION |
| 700 ## - ADDED ENTRY--PERSONAL NAME | |
| Personal name | Preston, J. |
| 856 ## - ELECTRONIC LOCATION AND ACCESS | |
| Uniform Resource Identifier | <a href="https://www.ihbc.org.uk">https://www.ihbc.org.uk</a> |
| Public note | View the IHBC website... |
| 856 ## - ELECTRONIC LOCATION AND ACCESS | |
| Uniform Resource Identifier | <a href="https://www.ihbc.org.uk">https://www.ihbc.org.uk</a> |
| Public note | View the IHBC website... |
| 942 ## - ADDED ENTRY ELEMENTS (KOHA) | |
| Suppress in OPAC | 0 |
| Withdrawn status | Lost status | Source of classification or shelving scheme | Damaged status | Not for loan | Home library | Current library | Shelving location | Date acquired | Total Checkouts | Full call number | Barcode | Date last seen | Copy number | Price effective from | Koha item type |
|---|---|---|---|---|---|---|---|---|---|---|---|---|---|---|---|
| Dewey Decimal Classification | London | London | Journal article | 20/08/2004 | ABS68101 | 127122-1001 | 06/08/2019 | 1 | 06/08/2019 | Journal article |